[Event "IECC Swiss-482.1"]
[Site "IECC email"]
[Date "2004.03.14"]
[Round "?"]
[White "Badenhorst, Jack"]
[Black "Postlethwaite, Craig"]
[Result "0-1"]
[WhiteElo "1024"]
[BlackElo "1683"]
[PlyCount "40"]
[EventDate "2004.??.??"]
[EventType "swiss (corr)"]
[EventRounds "1"]
[SourceTitle "Corr 2020"]
[Source "ChessBase"]
[SourceDate "2019.09.30"]
[SourceVersion "1"]
[SourceVersionDate "2019.09.30"]
[SourceQuality "1"]
[WhiteTeam "Australia"]
[BlackTeam "Scotland"]
[WhiteTeamCountry "AUS"]
[BlackTeamCountry "SCO"]

1. e4 c5 2. d4 cxd4 3. c3 dxc3 4. Nxc3 Nc6 5. Bc4 e6 6. Nf3 d6 7. 0-0 Nf6 8. Bg5 Be7 9. Nd4 0-0 10. f4 a6 11. a4 Qb6 12. Nce2 Nxe4 13. Bxe7 Nxe7 14. Kh1 Nc6 15. Nxc6 bxc6 16. b3 d5 17. Bd3 Nf2+ 18. Kg1 Nxd1+ 19. Kh1 Nf2+ 20. Kg1 Nxd3+ 0-1

[Event "IECC CL4-2003.24 email"]
[Site "IECC email"]
[Date "2003.10.30"]
[Round "?"]
[White "Postlethwaite, Craig"]
[Black "Keiper, Archie"]
[Result "0-1"]
[WhiteElo "1709"]
[BlackElo "1815"]
[PlyCount "44"]
[EventDate "2003.??.??"]
[EventType "tourn (corr)"]
[EventRounds "4"]
[SourceTitle "Corr 2008"]
[Source "ChessBase"]
[SourceDate "2008.06.24"]
[SourceVersion "1"]
[SourceVersionDate "2008.06.24"]
[SourceQuality "1"]

1. d4 d5 2. c4 e6 3. Nc3 c5 4. cxd5 cxd4 5. Qxd4 Nc6 6. Qd1 exd5 7. Qxd5 Bd7 8. Nf3 Nf6 9. Qd1 Bc5 10. e3 Qe7 11. a3 0-0 12. Be2 Rfd8 13. 0-0 Bg4 14. Qa4 Ne5 15. Nxe5 Bxe2 16. Nxf7 b5 17. Qa6 Bxf1 18. Nxd8 Bc4 19. Nb7 Ng4 20. g3 Bb6 21. Na5 Bxa5 22. Qxa5 Qf6 0-1